Načítá se...

Prathibhayude verukal thedi /

Podrobná bibliografie
Hlavní autor: Veerendrakumar, M.P
Médium: Printed Book
Jazyk:Malayalam
Vydáno: kozhikode : Mathrubhumi Books , 2002.
Témata:
LEADER 00563nam a2200157Ia 4500
008 150624b xxu||||| |||| 00| 0 mal d
999 |c 104285  |d 104285 
082 |a 854.633 
100 |a Veerendrakumar, M.P. 
245 |a Prathibhayude verukal thedi /  |c M.P. Veerendrakumar 
260 |b Mathrubhumi Books ,  |c 2002.  |a kozhikode : 
300 |a 125p.  |c 12cm. 
546 |a In Malayalam 
650 |a Malayalam - Essays 
942 |c BK 
952 |0 0  |1 0  |4 0  |6 854_633000000000000_PRA_M  |7 0  |9 105985  |a UL  |b UL  |c ST1  |d 2014-01-06  |e 2  |g 47.60  |l 1  |o 854.633 PRA M  |p 91579  |r 2015-12-08  |s 2015-11-04  |v 70.00  |y BK